000 00618nam a22002417a 4500
003 OSt
005 20140310181800.0
008 130703t xxu||||| |||| 00| 0 eng d
050 _aG 138
_b.G875 1861
082 _aREF 910
_bL23 1961
245 _aLand and Peoples :
_bThe World in Color /
260 _aNew York
_bGrolier Incorporated
_cc1961.
300 _a383 p.
_bill. ; (col .) ;
_c24 cm.
521 _a
541 _i1
_j1
541 _i2
_j1
541 _i3
_j1
541 _i4
_j1
541 _i5
_j1
541 _i6
_j1
541 _i7
_j1
942 _2lcc
_cBK-GR
_kREF
999 _c3601
_d3601